000 00631nam a22002177a 4500
003 BD-DhJNU
005 20250421052206.0
008 250421b |||||||| |||| 00| 0 eng d
020 _a0563170646
040 _aBD-DhJNU
_bENG
_cBD-DhJNU
_dBD-DhJNU
082 _223
_a501 BRA
100 _aBronowski, Jacob
245 _aThe ascent of man /
_cJ. Bronowski
260 _aLondon,
_bThe British Broadcasting Corporation,
_c1976.
300 _a448p. :
_bill. ;
_c25 cm.
504 _aIncludes bibliographies and index
650 _a Human beings Science
650 _aHistory Science
650 _aPhilosophy
942 _2ddc
_cBK
_n0
999 _c1590
_d1590